|
|
|
|
| LEADER |
00955nam a2200241 a 4500 |
| 001 |
26962 |
| 008 |
130513s1990 dcua b 001 0 eng d |
| 010 |
|
|
|a 89070821
|
| 020 |
|
|
|a 0871875446
|
| 040 |
|
|
|a DLC
|c DLC
|d DLC
|d BD-DhAAL
|
| 082 |
0 |
0 |
|a 363.7/056/0973
|2 20
|
| 245 |
0 |
0 |
|a Environmental policy in the 1990s :
|b toward a new agenda /
|c edited by Norman J. Vig, Michael E. Kraft.
|
| 260 |
|
|
|a Washington, D.C. :
|b CQ Press,
|c c1990.
|
| 300 |
|
|
|a xiv, 418 p. :
|b ill. ;
|c 23 cm.
|
| 504 |
|
|
|a Includes bibliographical references and index.
|
| 541 |
1 |
|
|e 26962
|
| 650 |
|
0 |
|a Environmental policy
|z United States.
|
| 650 |
|
0 |
|a Environmental policy.
|
| 700 |
1 |
|
|a Vig, Norman J.
|
| 700 |
1 |
|
|a Kraft, Michael E.
|
| 852 |
1 |
|
|a Ayesha Abed Library
|j General Shelf.
|
| 999 |
|
|
|c 13453
|d 13453
|
| 952 |
|
|
|0 0
|1 0
|2 ddc
|4 0
|6 363_705609730000000_ENV
|7 0
|9 22386
|a BRACUL
|b BRACUL
|c GEN
|d 2013-05-19
|e VC of BRACU
|l 1
|m 5
|o 363.70560973 ENV
|p 3010026962
|r 2013-12-06
|s 2013-11-02
|t 1
|w 2013-05-19
|y BK
|